[Event "Madrid"]
[Site "Madrid"]
[Date "1973.12.11"]
[Round "12"]
[White "Karpov, Anatoly"]
[Black "Uhlmann, Wolfgang"]
[Result "1-0"]
[WhiteElo "2660"]
[BlackElo "2560"]
[Annotator "Karpov"]
[PlyCount "83"]
[EventDate "1973.11.26"]
[EventType "tourn"]
[EventRounds "15"]
[EventCountry "ESP"]
[EventCategory "12"]
[SourceDate "2007.09.03"]

1. e4 e6 2. d4 d5 3. Nd2 c5 4. exd5 exd5 5. Ngf3 Nc6 6. Bb5 Bd6 7. dxc5 Bxc5 8.
O-O Nge7 9. Nb3 Bd6 10. Bg5 O-O 11. Bh4 Bg4 12. Be2 Bh5 13. Re1 Qb6 14. Nfd4
Bg6 15. c3 Rfe8 16. Bf1 Be4 17. Bg3 Bxg3 18. hxg3 a5 19. a4 Nxd4 20. Nxd4 Nc6
21. Bb5 Red8 22. g4 Nxd4 23. Qxd4 Qxd4 24. cxd4 Rac8 25. f3 Bg6 26. Re7 b6 27.
Rae1 h6 28. Rb7 Rd6 29. Ree7 h5 30. gxh5 Bxh5 31. g4 Bg6 32. f4 Rc1+ 33. Kf2
Rc2+ 34. Ke3 Be4 35. Rxf7 Rg6 36. g5 Kh7 37. Rfe7 Rxb2 38. Be8 Rb3+ 39. Ke2
Rb2+ 40. Ke1 Rd6 41. Rxg7+ Kh8 42. Rge7 1-0

[Event "Bad Kissingen"]
[Site "Bad Kissingen"]
[Date "1980.??.??"]
[Round "?"]
[White "Karpov, Anatoly"]
[Black "Huebner, Robert"]
[Result "1-0"]
[WhiteElo "2725"]
[BlackElo "2600"]
[Annotator "Karpov"]
[PlyCount "65"]
[EventDate "1980.01.??"]
[EventType "tourn"]
[EventRounds "6"]
[EventCountry "GER"]
[EventCategory "15"]
[SourceDate "2007.09.03"]

1. e4 c5 2. Nf3 d6 3. d4 cxd4 4. Nxd4 Nf6 5. Nc3 a6 6. Be2 e6 7. O-O Be7 8. f4
O-O 9. Kh1 Nc6 10. Be3 Bd7 11. Qe1 Nxd4 12. Bxd4 Bc6 13. Qg3 b5 14. a3 g6 15.
Bf3 Qd7 16. Rad1 Qb7 17. f5 e5 18. Be3 b4 19. axb4 Qxb4 20. Bg5 Qxb2 21. Rd3
Qxc2 22. Bd1 Qb2 23. Bxf6 Bxf6 24. Rxd6 Bb5 25. Rf2 Qc1 26. Rxf6 Rac8 27. Rc2
Qa1 28. fxg6 hxg6 29. Rd6 Rc7 30. Qxe5 Rfc8 31. Qd5 Kg7 32. Qd4+ Kh7 33. Nxb5
1-0

[Event "London"]
[Site "London"]
[Date "1984.??.??"]
[Round "?"]
[White "Timman, Jan H"]
[Black "Karpov, Anatoly"]
[Result "0-1"]
[WhiteElo "2610"]
[BlackElo "2700"]
[Annotator "Karpov"]
[PlyCount "52"]
[EventDate "1984.04.??"]
[EventType "tourn"]
[EventRounds "13"]
[EventCountry "ENG"]
[EventCategory "14"]
[SourceDate "2007.09.03"]

1. e4 e5 2. Nf3 Nc6 3. d4 exd4 4. Nxd4 Nf6 5. Nxc6 bxc6 6. e5 Qe7 7. Qe2 Nd5 8.
c4 Ba6 9. Qe4 Nb6 10. Nd2 O-O-O 11. c5 Bxf1 12. cxb6 Ba6 13. bxa7 Kb7 14. Nb3
f6 15. f4 fxe5 16. fxe5 Re8 17. Bf4 Qh4+ 18. g3 Qh5 19. Rc1 Ka8 20. h4 d5 21.
Qe3 g5 22. Bxg5 Bb4+ 23. Kf2 Rhf8+ 24. Kg2 Rxe5 25. Qxe5 Qf3+ 26. Kh2 Qf2+ 0-1

[Event "Moscow tt"]
[Site "?"]
[Date "1986.??.??"]
[Round "1"]
[White "Karpov, Anatoly"]
[Black "Beliavsky, Alexander G"]
[Result "1-0"]
[WhiteElo "2705"]
[BlackElo "2585"]
[Annotator "Karpov"]
[PlyCount "79"]
[EventDate "1986.??.??"]
[SourceDate "2007.09.03"]
[WhiteTeamCountry "URS"]
[BlackTeamCountry "POL"]

1. d4 Nf6 2. c4 e6 3. Nf3 d5 4. Nc3 Be7 5. Bg5 h6 6. Bxf6 Bxf6 7. e3 O-O 8. Rc1
c6 9. Bd3 Nd7 10. O-O dxc4 11. Bxc4 e5 12. h3 exd4 13. exd4 Nb6 14. Bb3 Bf5 15.
Re1 a5 16. a3 Qd7 17. Ne5 Bxe5 18. Rxe5 Rfe8 19. Qe2 Rad8 20. Re1 Rxe5 21. Qxe5
a4 22. Qc5 axb3 23. Re7 Qd6 24. Re8+ Rxe8 25. Qxd6 Nc4 26. Qb4 b5 27. d5 cxd5
28. Nxd5 Bc2 29. Qc3 Rd8 30. Nf4 Rd1+ 31. Kh2 Nd2 32. h4 Bf5 33. f3 g5 34. hxg5
hxg5 35. Ne2 g4 36. Ng3 Be6 37. f4 Nf1+ 38. Nxf1 Rxf1 39. Qe5 Bc4 40. Kg3 1-0